Szczegóły MARC21

Zarządzanie nowoczesnym bankiem w okresie zmian. T. 2, Analiza sprawozdań finansowych /

003 -Nazwa inst., której nr kontr. jest w polu 001 [,]
    • @
    • Nazwa instytucji, której n kontrolny jest w polu 001
    • NUKAT
005 -DATA I CZAS OSTATNIEJ MODYFIKACJI [,]
    • @
    • pole kontrolne
    • 20241231100322.0
020 -Międzynarod. znormalizowany nr książki - ISBN [ , ]
    • a
    • Numer ISBN
    • 8390421801 Find
040 -Instytucja sporządzająca opis [ , ]
    • a
    • Instytucja, która sporządziła opis (NP)
    • LUBL M/mm
    • c
    • Instytucja, która sporządziła rekord (NP)
    • LUBL M/mm
    • d
    • Instytucja, która zmodyfikowała rekord (P)
    • LUBL M/IS
    • d
    • Instytucja, która zmodyfikowała rekord (P)
    • TOR U/GPs
    • d
    • Instytucja, która zmodyfikowała rekord (P)
    • GL 001/JK
041 -Język dokumentu [1, ]
    • a
    • Język tekstu (P)
    • polski
    • h
    • Język tekstu oryginalnego i/lub pośredniego (P)
    • angielski
942 -Rodzaj dokumentu [ , ]
    • c
    • Rodzaj dokumentu
    • Książka
100 -Hasło główne - nazwa osobowa [1, ]
    • a
    • Nazwa osobowa (NP)
    • Baltrop, Christopher
    • d
    • Daty biograficzne (NP)
    • (1940- ).
    • 9
    • KHW
    • 591006
245 -Strefa tytułu i oznaczenia odpowiedzialności [1,0]
    • a
    • Tytuł
    • Zarządzanie nowoczesnym bankiem w okresie zmian. Find
    • n
    • Oznaczenie części (P)
    • T. 2,
    • p
    • Nazwa części (P)
    • Analiza sprawozdań finansowych /
    • c
    • Pozostałe elementy strefy tytułu i oznaczenia odpowiedzialności (NP)
    • Chris J. Baltrop, Diana McNaughton ; [tł. Zofia Całka et al.].
246 -Wariant tytułu [1, ]
    • i
    • Tekst wyświetlany na ekranie monitora (NP)
    • Tyt. oryg.:
    • a
    • Tytuł (NP)
    • Banking institutions in developing markets
246 -Wariant tytułu [1,3]
    • a
    • Tytuł (NP)
    • Analiza sprawozdań finansowych
260 -Strefa adresu wydawniczego [ , ]
    • a
    • Miejsce wydania (P)
    • Warszawa :
    • b
    • Nazwa wydawcy (P)
    • Fundacja Warszawski Instytut Bankowości,
    • c
    • Data wydania (P)
    • 1995.
300 -Strefa opisu fizycznego [ , ]
    • a
    • Określenie formy książki i/lub objętość (NP)
    • 244, [1] s. ;
    • c
    • Format (NP)
    • 24 cm.
336 -Typ zawartości [ , ]
    • a
    • Termin opisujący typ zawartości
    • Tekst
    • b
    • Kod określający zawartość
    • txt
    • 2
    • Źródło (terminu i kodu)
    • rdacontent
337 -Typ mediów [ , ]
    • a
    • Tryb odtwarzania
    • Bez urządzenia pośredniczącego
    • b
    • Kod typu mediów
    • n
    • 2
    • Źródło (terminu i kodu)
    • rdamedia
338 -Typ/rodzaj nośnika [ , ]
    • a
    • Hasło opisujące typ nośnika
    • Wolumin
    • b
    • Kod typu nośnika
    • nc
    • 2
    • Źródło (terminu i kodu)
    • rdacarrier
080 -Uniwersalna Klasyfikacja Dziesiętna [ , ]
    • a
    • Symbol klasyfikacji
    • 336.7
    • 9
    • UKD
    • 3164
    • 2
    • Identyfikator wydania tablic
    • UDC-P058
    • b
    • Dopowiedzenie
    • Pieniądz. System monetarny. Bankowość. Giełdy.
080 -Uniwersalna Klasyfikacja Dziesiętna [ , ]
    • a
    • Symbol klasyfikacji
    • :65.01
650 -Hasło przedmiotowe [ ,7]
    • a
    • Hasło przedmiotowe
    • Zarządzanie bankiem.
    • 2
    • Źródło terminu
    • kaba
    • 9
    • KHW
    • 102395
650 -Hasło przedmiotowe [ ,7]
    • a
    • Hasło przedmiotowe
    • Sprawozdania finansowe.
    • 2
    • Źródło terminu
    • kaba
    • 9
    • KHW
    • 130699
980 -Symbol UKD [ , ]
    • a
    • UKD
    • 336.7:65.01
700 -Hasło dodatkowe - nazwa osobowa [1, ]
    • a
    • Nazwa osobowa (NP)
    • McNaughton, Diana Find
    • d
    • Daty biograficzne (NP)
    • (1942- ).
    • 9
    • KHW
    • 591008
700 -Hasło dodatkowe - nazwa osobowa [1, ]
    • a
    • Nazwa osobowa (NP)
    • Całka, Zofia. Find
    • e
    • Określenie rodzaju współpracy
    • Tł.
    • 9
    • KHW
    • 591007
710 -Hasło dodatkowe - nazwa ciała zbiorowego [2, ]
    • a
    • Nazwa ciała zbiorowego lub nazwa geograficzna jako pierwszy element (NP)
    • Warszawski Instytut Bankowości.
    • 4
    • Kod relacji
    • pbl
    • 9
    • KHW
    • 256692
920 -ISBN [ , ]
    • a
    • ISBN
    • 83-904218-0-1 Find
Sygnatura Lokalizacja Data inwentaryzacji Numer inwentarzowy Status udost.
 BE1996-08-01E.63711-2
 BE1999-03-01E.65929-2
 BE1999-03-01S.833182
 BE1999-03-01S.833192
 BE1999-03-01S.833202
 BE1999-03-01S.833212
 BE1999-03-01S.833222
 BE1999-03-01S.833232
 BE1999-03-01S.833242
 BE1999-03-01S.833252
 BE1999-03-01S.833262
 BE1999-03-01S.833272
 BE1999-03-01S.833282
 BE1999-03-01S.83329-6
 BE1999-03-01S.83330-3
 BE1999-03-01S.83331-6
 BE1999-03-01S.83332-6
T.442T1999-03-01T.442-3
T.443T1999-03-01T.443-3
T.444T1999-03-01T.444-3
T.445T1999-03-01T.445-3